Nuevas alianzas para la agricultura sostenible / (Registro nro. 1922)

Detalles MARC
000 -CABECERA
Campo de control 00814nam a2200241 4500
005 - FECHA Y HORA DE LA ULTIMA TRANSACCION
Campo de control 20200104041525.0
008 - ELEMENTOS DE LONGITUD FIJA—INFORMACION GENERAL
Campo de control 140303s1999 cr d||||r|||| 00| 0 spa d
020 ## - ISBN
ISBN 9977573344
040 ## - FUENTE DE CATALOGACIÓN
Agencia catalogadora original CO-BoIAVH
Agencia transcriptora CO-BoIAVH
041 1# - IDIOMA
Código de idioma para texto/pista de sonido o título separado Español
Código de idioma de la versión original y/o traducciones intermedias del texto Inglés
044 ## - PAÍS DE PUBLICACIÓN
País de publicación Costa Rica
082 04 - NUMERO DE CLASIFICACION DECIMAL DEWEY
Número de clasificación 334.683
Número del ítem N96a
245 00 - MENCION DE TITULO
Título Nuevas alianzas para la agricultura sostenible /
Mención de responsabilidad editado por Lori Ann Thrupp
260 ## - PUBLICACION, DISTRIBUCION, ETC. (PIE DE IMPRENTA)
Lugar de publicación, distribución, etc. Turrialba (Costa Rica) :
Nombre del editor, distribuidor, etc. CATIE,
Fecha de publicación, distribución, etc. 1999.
300 ## - DESCRIPCION FISICA
Extensión 153 páginas :
Otros detalles físicos gráficas y tablas ;
Dimensiones 25 x 20 cm.
504 ## - NOTA DE BIBLIOGRAFIA, ETC.
Nota de bibliografía Incluye referencias bibliográficas.
650 16 - ASIENTO SECUNDARIO DE MATERIA - TERMINO TEMATICO
Término temático o nombre geográfico como elemento de entrada Agricultura cooperativa
Subdivisión de forma Estudios de caso
9 (RLIN) 71033
650 26 - ASIENTO SECUNDARIO DE MATERIA - TERMINO TEMATICO
Término temático o nombre geográfico como elemento de entrada Agricultura sostenible
9 (RLIN) 210
650 26 - ASIENTO SECUNDARIO DE MATERIA - TERMINO TEMATICO
Término temático o nombre geográfico como elemento de entrada Comunidades locales
9 (RLIN) 3678
650 26 - ASIENTO SECUNDARIO DE MATERIA - TERMINO TEMATICO
Término temático o nombre geográfico como elemento de entrada Política agrícola
9 (RLIN) 7437
700 1# - ASIENTO SECUNDARIO - NOMBRE PERSONAL
Nombre personal Thrupp, Lori Ann
Término de relación editora
9 (RLIN) 7434
942 ## - ELEMENTOS ADICIONALES (KOHA)
Tipo de ítem Libro
Sistema de clasificación Dewey Decimal Classification
Existencias
Withdrawn status Lost status Sistema de Clasificación Damaged status No para préstamo Colección Inventariado Ubicación Permanente Ubicación actual Fecha de adquisición Fuente de Valor Valor Total Checkouts Número topográfico Inventario / Código de Barras Date last seen Ejemplar Price effective from Forma de adquisición Tipo de material
    Dewey Decimal Classification     General Inventariado 2017 Sala Fabio Quevedo Sala Fabio Quevedo 25/01/2001 Ferreira Miani, Paola 39000.00   LB-334.683 N96a 002399 04/12/2012 Ej. 1 04/12/2012 Donación Libro